Del arraigo a la dis̀pora Dilemas de la familia rural /

Detalles Bibliográficos
Autor principal: Arias, Patricia
Formato: eBook
Lenguaje:español
Publicado: Ciudad de Mx̌ico: Cm̀ara de Diputados, 2009
Materias:
Acceso en línea:Acceso restringido

MARC

LEADER 00000nam a22000007a 4500
005 20171025193728.0
007 cr|||| ||||
008 171025s2009 mx |||||s|||| 00||0 spa d
020 |a 978-607-401-104-3 
035 |a 20769 
040 |a vLex 
090 |c 7148  |d 7148 
100 1 |a Arias, Patricia 
245 1 0 |a Del arraigo a la dis̀pora  |h [Recurso electrn̤ico]:  |b Dilemas de la familia rural /  |c Patricia Arias  
256 |a Servicio en ln̕ea 
260 |a Ciudad de Mx̌ico:  |b Cm̀ara de Diputados,  |c 2009 
300 |a 1 recurso electrn̤ico 
506 1 |a Disponible solo en los productos indicados  |d vLex Global  |d vLex Global (Academic Edition, excluding Law Schools)  |d vLex Global (U.S. Academic Edition, Law Schools)  |d vLex Global (U.S. Academic Edition, excluding Law Schools)  |d vLex Global (Academic Edition, Law Schools) 
650 0 4 |a Agricultura  |z Mx̌ico 
650 0 4 |a Ganadera̕  |z Mx̌ico 
740 0 |a vLex Libros (Servicio en ln̕ea) 
856 4 0 |u http://vlex.com/source/del-arraigo-a-la-diaspora-dilemas-familia-rural-20769  |z Acceso restringido 
942 |c BOOK 
999 0 |a Agriculture 
999 0 |a Livestock--Breeding